000 00676nam a22002057a 4500
005 20251108164933.0
008 250721s1999 xx 000 0 ara d
082 1 4 _a337/حبي
100 1 _aحبيب، مطانيوس
245 1 0 _aبعض مسائل الإقتصاد اللاسياسي :
_bالعولمة و تداعياتها في الوطن العربي /
264 _bدار الرضا،
_c1999.
300 _a181ص
490 0 _aسلسلة الرضا للمعلومات ؛30
650 1 7 _aالإقتصاد الدولي
650 1 7 _aالبلدان العربية
650 1 7 _aالتدويل
650 1 7 _aالسياسة
942 _2ddc
_cBK
999 _c17861
_d17861